000 01203nam a2200337 i 4500
005 20220317000336.0
007 ta
008 210805s2013 sp a0 sbr 000 0 spa d
020 _a9788415208334
040 _aCO-BoRNBP
_bspa
_erda
_cCO-BoRNBP
084 _aC MIN2
100 1 _aMinne, Brigitte
_d1962
_eautora
245 1 0 _aHadabruja
_cBrigitte Minne ; ilustrado por Carll Cneut ; traducción de Carles Andreu, Anna Bellosta, Albert Vitó
250 _aPrimera edición
264 1 _aAlbolote, España
_bBarbara Fiore
_c2013
300 _a[30] páginas
_bilustraciones
_c23 cm
336 _atexto
_btxt
_2rdacontent
337 _asin mediación
_bn
_2rdamedia
338 _avolumen
_bnc
_2rdacarrier
521 _aRecomendado para un público infantil mayor de 6 años
534 _tHeksenfee
650 1 7 _aCuentos infantiles alemanes
_ySiglo XX
_2LEMB
650 1 7 _aLiteratura infantil alemana
_ySiglo XX
_2LEMB
650 1 7 _aHadas
_vCuentos
_2LEMB
650 1 7 _aBrujas
_vCuentos
_2LEMB
700 1 _aCneut, Carll
_eilustrador
_913588
700 1 _aAndreu, Carles
_etraductor
_910000
700 1 _aAnna Bellosta
_etraductora
_9189593
700 1 _aAlbert Vitó
_etraductor
_9189594
942 _2loc
_cBKLIT
999 _c3774
_d3774